Authentic reading assessment: practices and possibilities
Saved in:
| Main Authors: | , , |
|---|---|
| Format: | Book |
| Language: | English |
| Published: |
Newark
International Reading Association
1994
|
| Subjects: | |
| Tags: |
Add Tag
No Tags, Be the first to tag this record!
|
MARC
| LEADER | 00000nam a2200000 a 4500 | ||
|---|---|---|---|
| 001 | UCJ2940 | ||
| 003 | CL-VaPUC | ||
| 008 | 070119e19940000US |||||||||||||||||eng|d | ||
| 020 | |a 0872077659 | ||
| 082 | 0 | 4 | |a 428.4 |b VAL |2 21 |
| 100 | 0 | |a Valencia, Sheila W |e author |9 504012 | |
| 700 | 0 | |a Hiebert, Elfrieda H |e author |9 504013 | |
| 700 | 0 | |a Afflerbach, Peter P |e author |9 504014 | |
| 245 | 1 | 0 | |a Authentic reading assessment: practices and possibilities |
| 300 | |a 317 p | ||
| 942 | |c BK | ||
| 945 | |d 20070119 00:00:00 |a lvergara | ||
| 260 | |a Newark |b International Reading Association |c 1994 | ||
| 500 | |a Donación de la Dra. Marianne Peronard Thierry | ||
| 650 | 0 | |a Lectura |9 307634 | |
| 650 | 0 | |a Comprensión de lectura |9 307588 | |
| 650 | 0 | |a Evaluación de la educación |9 237505 | |
| 650 | 0 | |a Métodos de enseñanza |9 270413 | |
| 583 | |a last modification |c 20070119 00:00:00 |k Rodrigo Vera | ||
| 999 | |c 319068 |d 319066 | ||
| 952 | |0 0 |1 0 |4 0 |6 428_400000000000000_VAL_1994 |7 0 |8 A |9 397303 |a FDOPOS |b FDOPOS |d 2019-11-22 |i 4313003 |o 428.4 VAL 1994 |p 4313003 |r 2025-01-22 |w 2019-11-22 |y BK |k MLA | ||